| 000 | 00523nam a2200157Ia 4500 | ||
|---|---|---|---|
| 008 | 180901s9999 xx 000 0 und d | ||
| 020 | _a9781416051985 | ||
| 100 | _aCherry,Simon R. | ||
| 245 |
_cSimon R. Cherry,J ames A. Sorenson ,Michael E. Phelps.-- _aPhysics in nuclear medicine / |
||
| 250 | _a4th ed | ||
| 260 |
_aUSA : _bElsevier Saunders _c2012 |
||
| 300 |
_axvii, 523 pages : _billustrations. |
||
| 500 | _aIncludes bibliographic reference and index. | ||
| 650 | _aMedical physics. | ||
| 650 | _aNuclear medicine. | ||
| 999 |
_c358513 _d358513 |
||